| 000 | 00586nam a2200217Ia 4500 | ||
|---|---|---|---|
| 008 | 160819s9999 xx 000 0 und d | ||
| 020 | _a981-232-135-7 | ||
| 050 | _aCUL TX 819 | ||
| 050 | _b.C9D48 2000 | ||
| 100 | _aDevi, R. Maheswari. | ||
| 245 | 4 | _aThe World's best curry recipes / | |
| 245 | _cR. Maheswari Devi; food photography by Yim Chee Peng. | ||
| 260 | _aSingapore : | ||
| 260 | _bTimes Editions, | ||
| 260 | _c2000 | ||
| 300 | _a155 pages : | ||
| 300 | _bcolor illustrations ; | ||
| 300 | _c28 cm. | ||
| 500 | _aIncludes index. | ||
| 650 | _aCooking (Curry). | ||
| 999 |
_c300699 _d300699 |
||